Libro de las tabernas de España / [por] Luis Romero

Gorde:
Xehetasun bibliografikoak
Egile nagusia: Romero, Luis (autor)
Formatua: Liburua
Gaiak:
Etiketak: Etiketa erantsi
Etiketarik gabe, Izan zaitez lehena erregistro honi etiketa jartzen!

MARC

LEADER 00000nam^a2200000^u^4500
001 000546505
005 20250521000000.0
008 060220s1000^^^^^^^^^^^^r^^^^^000^0^spa^d
009 20260310131411.007
035 |a FMI 000016140 
037 |a Acervo Xavier Clavigero 
096 |a 8.7/68/D 
100 |a Romero, Luis  |e (autor) 
245 1 0 |a Libro de las tabernas de España / [por] Luis Romero 
264 |a Barcelona : Ahr, c1956 
300 |a 341 p. 
336 |a texto  |b txt  |2 rdacontenido 
337 |a sin mediación  |b n  |2 rdamedio 
338 |a volumen  |b nc  |2 rdasoporte 
649 |a XX 
650 |a TABERNAS -- ESPAÑA 
910 |a Fondo Francisco Migoya Covarrubias S.J. 
920 |a Impresos - Libros 
930 |a Fondos Especiales 
905 |a 134 
901 |a SBC22921  |b IT2  |c ESP  |u 20250521 
902 |a https://opac.biblio.iteso.mx/vufind/Record/000546505